LEADER 01105nam0 22002893i 450 001 TSA1334004 005 20231121125849.0 010 $a9782728804498 100 $a20201005d2011 ||||0itac50 ba 101 | $afre 102 $afr 181 1$6z01$ai $bxxxe 182 1$6z01$an 200 1 $aIdentités romaines$econscience de soi et représentations de l'autre dans la Rome antique (4. siècle av. J.-C - 8. siècle apr. J.-C.)$ftextes édités par Mathilde Simon 210 $aParis$cÉditions Rue d'Ulm$d2011 215 $a287 p.$cill.$d24 cm. 225 | $aÉtudes de littérature ancienne$v18 410 0$1001MIL0192783$12001 $aÉtudes de littérature ancienne$v18 702 1$aSimon$b, Mathilde$3TSAV598279 801 3$aIT$bIT-01$c20201005 850 $aIT-FR0017 899 $aBiblioteca umanistica Giorgio Aprea$bFR0017 $eN 912 $aTSA1334004 950 0$aBiblioteca umanistica Giorgio Aprea$d 52MAG 6/223$e 52SBA0000125515 VMB RS $fA $h20201005$i20201005 977 $a 52 996 $aIdentités romaines$9241463 997 $aUNICAS